000 00954nam a2200265Ia 4500
003 OSt
005 20221005110226.0
006 a|||||r|||| 00| 0
007 ta
008 221004b |||||||| |||| 00| 0 hin d
020 _a9788172017569 (hbk)
_cINR 300.00
024 _a36680
037 _bBW/1664, 14/03/2018, Bookwell
_cTextual
040 _aCRL
_cCRL
_bhin
041 _2hin
_ahin
082 _aR65,6, 152N6;Q6
100 _aज्ञानेश्वर, ले.
245 0 _aसुगम हिन्दी ज्ञानेश्वरी
246 _aSugam hindī jnyāneshvarī
260 _aनई दिल्ली
_bसाहित्य अकादेमी भारत
_c2016
300 _a852पृ0
_ccm.
650 _aभारतीय दर्शन
942 _hR65,6, 152N6;Q6
_cTEXL
_2cc
999 _c1018171
_d1018171